| 000 | 00337nam a22001457a 4500 | ||
|---|---|---|---|
| 003 | SGT | ||
| 020 | _a978-81-8473-672-4 | ||
| 082 |
_a615.19 _bF17L |
||
| 100 | _aLEMKE, THOMAS.L,ED. | ||
| 245 | _aFOYE'S PRINCIPLES OF MEDICINAL CHEMISTRY | ||
| 260 |
_aNEW DELHI _bKLUWER _c2017 |
||
| 300 | _a1500 | ||
| 650 | _aPHARMACY | ||
| 942 |
_2ddc _cBK |
||
| 999 |
_c15376 _d15376 |
||